Score 0/30 Timer 04:00
0 Plays Today
Novel Missing Word % Correct
To ___ a MockingbirdKill
97.6%
___ of the FliesLord
95.6%
The ___ of WrathGrapes
85.2%
A Wrinkle in ___ Time
85.2%
A Farewell to ___Arms
83.3%
From ___ to EternityHere
82.9%
The Sun Also ___Rises
80.4%
___ in the WillowsWind
79.6%
All the ___ MenKing's
72.4%
The ___ of InnocenceAge
70.6%
___ of a GeishaMemoirs
65.5%
___ of the D'UrbervillesTess
59.6%
Tender Is the ___Night
56.8%
___ of the DollsValley
55.6%
Tinker, Tailor, ___, SpySoldier
51.6%
Novel Missing Word % Correct
A ___ to IndiaPassage
51.2%
The French Lieutenant's ___Woman
50%
Sarah, ___ and TallPlain
49.2%
The Little Drummer ___Girl
47.4%
Like Water for ___Chocolate
39.8%
Our ___ in HavanaMan
36.8%
The ___ of MirthHouse
25.8%
The ___ of CasterbridgeMayor
22.7%
A ___ of DuncesConfederacy
20.9%
The Things They ___Carried
18.7%
A ___ Like AliceTown
17.9%
'A' Is for ___Alibi
12.2%
A ___ of DustHandful
8.9%
Jeremy Thatcher, Dragon ___ Hatcher
8.8%
Henderson the ___ KingRain
6.6%

Today's Daily Dose

Remove Ads.
Support Sporcle.
Get the best of Sporcle when you Go Orange. This ad-free experience offers more features, more stats, and more fun while also helping to support Sporcle. Thank you for becoming a member.

You're not logged in!

Compare scores with friends on all Sporcle quizzes.
OR
Log In

Show Comments

Extras

Top Quizzes Today


Score Distribution

Your Account Isn't Verified!

In order to create a playlist on Sporcle, you need to verify the email address you used during registration. Go to your Sporcle Settings to finish the process.

Report this User

Report this user for behavior that violates our Community Guidelines.

Details: